[Event "Moscow op-A 04th"]
[Site "Moscow"]
[Date "2008.02.08"]
[Round "7"]
[White "Kaidanov, Gregory S"]
[Black "Kurenkov, Nikolai"]
[Result "1-0"]
[WhiteElo "2604"]
[BlackElo "2438"]
[PlyCount "45"]
[EventDate "2008.02.02"]
[EventType "swiss"]
[EventRounds "9"]
[EventCountry "RUS"]
[SourceTitle "CBM 122 Extra"]
[Source "ChessBase"]
[SourceDate "2008.03.04"]
[SourceVersion "1"]
[SourceVersionDate "2008.03.04"]
[SourceQuality "1"]

1. d4 Nf6 2. c4 c5 3. d5 e5 4. Nc3 d6 5. e4 Be7 6. Be2 Nbd7 7. Nf3 0-0 8. 0-0 Ne8 9. a3 g6 10. Bh6 Ng7 11. b4 b6 12. Qd2 Nf6 13. Ne1 Kh8 14. Nd3 Ng8 15. Be3 f5 16. f4 exf4 17. Bxf4 g5 18. Be3 fxe4 19. Nxe4 h6 20. Rxf8 Bxf8 21. bxc5 bxc5 22. g3 Qe7 23. Rf1 1-0

[Event "Tula CC-ch"]
[Site "Tula"]
[Date "2007.12.22"]
[Round "6"]
[White "Kurenkov, Nikolai"]
[Black "Krivobokov, Sergei"]
[Result "0-1"]
[WhiteElo "2438"]
[BlackElo "2142"]
[PlyCount "95"]
[EventDate "2007.12.08"]
[EventType "swiss"]
[EventRounds "9"]
[EventCountry "RUS"]
[SourceTitle "CBM 122 Extra"]
[Source "ChessBase"]
[SourceDate "2008.03.04"]
[SourceVersion "1"]
[SourceVersionDate "2008.03.04"]
[SourceQuality "1"]

1. d4 d5 2. c4 c6 3. Nc3 Nf6 4. Nf3 a6 5. Bf4 b5 6. c5 Nh5 7. Bd2 Nd7 8. e3 g6 9. Be2 Nhf6 10. Bd3 Bg7 11. Rc1 0-0 12. 0-0 Qc7 13. Re1 e5 14. dxe5 Nxe5 15. Nxe5 Qxe5 16. h3 Bf5 17. Qc2 Bxd3 18. Qxd3 Rfe8 19. b4 Ne4 20. Nxe4 Qxe4 21. Qxe4 Rxe4 22. f3 Rc4 23. Kf1 f5 24. Rxc4 dxc4 25. Rc1 Rd8 26. Bc3 Rd3 27. Bxg7 Kxg7 28. Ke2 Kf6 29. Rc2 Ke7 30. g3 Ra3 31. g4 a5 32. bxa5 Rxa5 33. h4 Ra3 34. h5 Ke6 35. hxg6 hxg6 36. gxf5+ gxf5 37. Rd2 Rd3 38. Rxd3 cxd3+ 39. Kxd3 Kd5 40. Kc3 Kxc5 41. a3 Kb6 42. e4 c5 43. Kd3 Kc6 44. Ke3 Kd6 45. Ke2 Ke5 46. Ke3 c4 47. Kd2 Kd4 48. Kc2 0-1

[Event "Moscow op 03rd"]
[Site "Moscow"]
[Date "2007.02.03"]
[Round "8"]
[White "Kurenkov, Nikolai"]
[Black "Turov, Maxim"]
[Result "1-0"]
[WhiteElo "2438"]
[BlackElo "2562"]
[PlyCount "71"]
[EventDate "2007.01.27"]
[EventType "swiss"]
[EventRounds "9"]
[EventCountry "RUS"]
[SourceTitle "CBM 116 Extra"]
[Source "ChessBase"]
[SourceDate "2007.03.07"]
[SourceVersion "1"]
[SourceVersionDate "2007.03.07"]
[SourceQuality "1"]

1. e4 e5 2. Nf3 Nc6 3. Bc4 Bc5 4. c3 Nf6 5. d4 exd4 6. cxd4 Bb4+ 7. Nc3 Nxe4 8. 0-0 Bxc3 9. d5 Bf6 10. Re1 Ne7 11. Rxe4 d6 12. Bg5 Bxg5 13. Nxg5 h6 14. Qe2 hxg5 15. Re1 Be6 16. dxe6 f6 17. Re3 g6 18. Qf3 0-0 19. Qxb7 d5 20. Bd3 Qd6 21. Rc1 c6 22. Rh3 Rfb8 23. Rxc6 Qxh2+ 24. Kxh2 Rxb7 25. Rc2 Rb6 26. Re3 Rab8 27. b3 f5 28. Rc7 R8b7 29. Rd7 Kf8 30. Ba6 Rxd7 31. exd7 Rd6 32. Bb5 d4 33. Re6 Rd5 34. Rf6+ Kg7 35. Rf7+ Kxf7 36. Bc4 1-0

[Event "Gotha op 8th"]
[Site "Gotha"]
[Date "2006.11.16"]
[Round "8"]
[White "Langheinrich, Ferenc"]
[Black "Kurenkov, Nikolai"]
[Result "1-0"]
[WhiteElo "2375"]
[BlackElo "2447"]
[PlyCount "69"]
[EventDate "2006.11.13"]
[EventType "swiss"]
[EventRounds "9"]
[EventCountry "GER"]
[SourceTitle "EXT 2008"]
[Source "ChessBase"]
[SourceDate "2007.11.25"]
[SourceVersion "1"]
[SourceVersionDate "2007.11.25"]
[SourceQuality "1"]

1. Nf3 Nf6 2. c4 g6 3. Nc3 Bg7 4. d4 0-0 5. Bg5 c5 6. d5 b5 7. cxb5 a6 8. bxa6 Qb6 9. Rb1 h6 10. Bd2 e6 11. dxe6 Qxe6 12. a7 Rxa7 13. Bf4 Bb7 14. e3 Nd5 15. Nxd5 Bxd5 16. Be2 Bxa2 17. Rc1 Bxb2 18. Rxc5 d6 19. Qxd6 Nd7 20. Rc2 Bb3 21. Qxe6 Ra1+ 22. Kd2 Bxe6 23. Rxa1 Bxa1 24. Bxh6 Rd8 25. Ke1 Nb6 26. Bf4 Bb3 27. Rc6 Ra8 28. e4 Nd7 29. Be3 Nf6 30. Ng5 Nd7 31. f3 Be5 32. f4 Bg7 33. Ra6 Re8 34. Bb5 Nb8 35. Ra3 1-0

[Event "Gotha op 8th"]
[Site "Gotha"]
[Date "2006.11.14"]
[Round "4"]
[White "Thinius, Marco"]
[Black "Kurenkov, Nikolai"]
[Result "0-1"]
[WhiteElo "2369"]
[BlackElo "2447"]
[PlyCount "123"]
[EventDate "2006.11.13"]
[EventType "swiss"]
[EventRounds "9"]
[EventCountry "GER"]
[SourceTitle "EXT 2008"]
[Source "ChessBase"]
[SourceDate "2007.11.25"]
[SourceVersion "1"]
[SourceVersionDate "2007.11.25"]
[SourceQuality "1"]

1. e4 c5 2. Nf3 d6 3. d4 cxd4 4. Nxd4 Nf6 5. Nc3 a6 6. Bg5 e6 7. f4 h6 8. Bh4 Nbd7 9. Qf3 e5 10. Nf5 exf4 11. Bxf6 Nxf6 12. Qxf4 Bxf5 13. Qxf5 g6 14. Qf3 Bg7 15. Bc4 0-0 16. 0-0 Qb6+ 17. Kh1 Qxb2 18. Rab1 Qa3 19. Rxb7 Qc5 20. Bb3 Kh7 21. Bxf7 Qc8 22. Re7 Ng8 23. Nd5 Nxe7 24. Nxe7 Rxf7 25. Qxf7 Qg4 26. Nd5 Kh8 27. Nf6 Qe2 28. Ne8 Ra7 29. Qxa7 Qxf1+ 30. Qg1 Qc4 31. Nxg7 Kxg7 32. Qa7+ Kf6 33. Qf2+ Ke6 34. a3 Qc3 35. h3 Qxa3 36. Qf8 Qa1+ 37. Kh2 Qe5+ 38. Kh1 Qxe4 39. Qe8+ Kd5 40. Qa8+ Ke5 41. Qh8+ Kd5 42. Qa8+ Kd4 43. Qxa6 d5 44. Qf6+ Ke3 45. Qc3+ Ke2 46. Qc6 Kd2 47. Qc5 d4 48. Kg1 Qe3+ 49. Kh2 Qf4+ 50. Kh1 Ke2 51. Qb5+ Kf2 52. Qb2 Qd2 53. Kh2 g5 54. Qa1 Qf4+ 55. Kh1 Qe3 56. Qg1+ Ke2 57. Qb1 h5 58. Qb2 Qd2 59. Qb5+ Kf2 60. Qb2 g4 61. hxg4 hxg4 62. Qb3 0-1

[Event "Gotha op 8th"]
[Site "Gotha"]
[Date "2006.11.13"]
[Round "2"]
[White "Puschendorf, Steffen"]
[Black "Kurenkov, Nikolai"]
[Result "0-1"]
[WhiteElo "2209"]
[BlackElo "2447"]
[PlyCount "86"]
[EventDate "2006.11.13"]
[EventType "swiss"]
[EventRounds "9"]
[EventCountry "GER"]
[SourceTitle "EXT 2008"]
[Source "ChessBase"]
[SourceDate "2007.11.25"]
[SourceVersion "1"]
[SourceVersionDate "2007.11.25"]
[SourceQuality "1"]

1. d4 Nf6 2. c4 Nc6 3. Nc3 e5 4. d5 Nb8 5. a3 d6 6. e4 Be7 7. h3 Nbd7 8. Bd3 h6 9. Nf3 Nh7 10. Be3 0-0 11. 0-0 Bg5 12. Nxg5 hxg5 13. g4 Re8 14. Qd2 Ndf8 15. Rfd1 Ng6 16. f3 Nh4 17. Kf2 Qf6 18. Be2 Qh6 19. Bf1 g6 20. c5 f5 21. cxd6 cxd6 22. Nb5 fxe4 23. Nxd6 Nxf3 24. Qc3 Rf8 25. Ke2 Bxg4 26. Nxe4 Bxh3 27. Bxh3 Qxh3 28. Rh1 Qg2+ 29. Kd3 Rac8 30. Qb3 Nd4 31. Bxd4 exd4 32. d6+ Kh8 33. Qxb7 Qc2+ 34. Kxd4 Qc4+ 35. Ke3 Rf7 36. d7 Rcf8 37. Raf1 Rxf1 38. Rxh7+ Kg8 39. Rg7+ Kxg7 40. d8Q+ R8f7 41. Qb4 R7f3+ 42. Kd2 Qc1+ 43. Ke2 Re3# 0-1

[Event "Recklinghausen op 16th"]
[Site "Recklinghausen"]
[Date "2006.10.14"]
[Round "7"]
[White "Kurenkov, Nikolai"]
[Black "Sandkamp, Ralph"]
[Result "1/2-1/2"]
[WhiteElo "2447"]
[BlackElo "2339"]
[PlyCount "65"]
[EventDate "2006.10.07"]
[EventType "swiss"]
[EventRounds "7"]
[EventCountry "GER"]
[SourceTitle "CBM 114 Extra"]
[Source "ChessBase"]
[SourceDate "2006.11.03"]
[SourceVersion "1"]
[SourceVersionDate "2006.11.03"]
[SourceQuality "1"]

1. e4 c5 2. Nf3 g6 3. c3 Bg7 4. d4 cxd4 5. cxd4 d5 6. exd5 Nf6 7. Bb5+ Bd7 8. Bc4 b5 9. Bb3 0-0 10. Bf4 Bf5 11. Nc3 b4 12. Ne2 Nxd5 13. Be5 Nc6 14. Bxg7 Kxg7 15. Ne5 Qd6 16. 0-0 Rfd8 17. Ng3 Rac8 18. Nxf5+ gxf5 19. Re1 e6 20. Qh5 Nxe5 21. dxe5 Qe7 22. Bxd5 Rxd5 23. Re3 h6 24. Rae1 Kh7 25. h3 Rc2 26. R3e2 Rdd2 27. Rxd2 Rxd2 28. Re2 Rxe2 29. Qxe2 Qc5 30. g4 fxg4 31. hxg4 Qd4 32. Kg2 Kg6 33. Kg3 1/2-1/2

[Event "GER-chT Betriebe"]
[Site "Berlin"]
[Date "2006.10.08"]
[Round "7.4"]
[White "Kurenkov, Nikolai"]
[Black "Keskowski, Thilo"]
[Result "1/2-1/2"]
[WhiteElo "2431"]
[BlackElo "2175"]
[PlyCount "47"]
[EventDate "2006.10.05"]
[EventType "team-tourn"]
[EventRounds "7"]
[EventCountry "GER"]
[SourceTitle "EXT 2020"]
[Source "ChessBase"]
[SourceDate "2019.10.17"]
[SourceVersion "1"]
[SourceVersionDate "2019.10.17"]
[SourceQuality "1"]
[WhiteTeam "SK Praesident"]
[BlackTeam "Gillette II"]
[WhiteTeamCountry "GER"]
[BlackTeamCountry "GER"]

1. e4 e5 2. Nf3 Nc6 3. d4 exd4 4. Nxd4 Bc5 5. Nb3 Bb6 6. Nc3 d6 7. Qe2 Nge7 8. Be3 0-0 9. g4 Bxe3 10. Qxe3 Bxg4 11. Rg1 Ne5 12. Be2 f5 13. f4 Bxe2 14. Nxe2 N5g6 15. 0-0-0 fxe4 16. Qxe4 d5 17. Qg2 c6 18. Nc5 Qa5 19. Nb3 Qb6 20. h4 Nf5 21. h5 Qe3+ 22. Kb1 Ngh4 23. Qg4 Qf3 24. Rd3 1/2-1/2

[Event "GER-chT Betriebe"]
[Site "Berlin"]
[Date "2006.10.07"]
[Round "6.4"]
[White "Muse, Mladen"]
[Black "Kurenkov, Nikolai"]
[Result "1-0"]
[WhiteElo "2448"]
[BlackElo "2431"]
[PlyCount "71"]
[EventDate "2006.10.05"]
[EventType "team-tourn"]
[EventRounds "7"]
[EventCountry "GER"]
[SourceTitle "EXT 2020"]
[Source "ChessBase"]
[SourceDate "2019.10.17"]
[SourceVersion "1"]
[SourceVersionDate "2019.10.17"]
[SourceQuality "1"]
[WhiteTeam "Gillette"]
[BlackTeam "SK Praesident"]
[WhiteTeamCountry "GER"]
[BlackTeamCountry "GER"]

1. d4 Nf6 2. c4 d6 3. Nf3 g6 4. Nc3 Bg7 5. e4 0-0 6. Be2 Na6 7. 0-0 e5 8. Re1 c6 9. Bf1 exd4 10. Nxd4 Ng4 11. h3 Qb6 12. hxg4 Qxd4 13. Qxd4 Bxd4 14. g5 Nc5 15. Bf4 Be5 16. Be3 Be6 17. Rac1 a6 18. f3 b5 19. b4 Nd7 20. Nd5 cxd5 21. cxd5 Bxd5 22. exd5 Rac8 23. Rc6 Nb8 24. Rb6 Rc3 25. Bf2 Ra3 26. Rb7 a5 27. Bxb5 axb4 28. Bc4 Rc8 29. Bb3 Na6 30. Rxe5 dxe5 31. d6 Rf8 32. Ba7 Ra5 33. Rxf7 Nc5 34. Bxc5 Rxf7 35. d7 Ra8 36. Be7 1-0

[Event "GER-chT Betriebe"]
[Site "Berlin"]
[Date "2006.10.06"]
[Round "3.4"]
[White "Kurenkov, Nikolai"]
[Black "Hedlund, Niklas"]
[Result "1-0"]
[WhiteElo "2431"]
[BlackElo "2061"]
[PlyCount "33"]
[EventDate "2006.10.05"]
[EventType "team-tourn"]
[EventRounds "7"]
[EventCountry "GER"]
[SourceTitle "EXT 2007"]
[Source "ChessBase"]
[SourceDate "2006.11.23"]
[SourceVersion "1"]
[SourceVersionDate "2006.11.23"]
[SourceQuality "1"]
[WhiteTeam "SK Praesident"]
[BlackTeam "Muenchen Europ Patentamt"]
[WhiteTeamCountry "GER"]
[BlackTeamCountry "GER"]

1. e4 e5 2. Nf3 Nc6 3. d4 exd4 4. Nxd4 Nf6 5. Nxc6 bxc6 6. e5 Qe7 7. Qe2 Nd5 8. c4 Nb6 9. Nc3 Qe6 10. Qe4 Bb7 11. Bd3 d5 12. exd6 cxd6 13. 0-0 Qxe4 14. Nxe4 0-0-0 15. Ng5 Rd7 16. Bf5 f6 17. Nf7 1-0

[Event "Pardubice op-A"]
[Site "Pardubice"]
[Date "2006.07.29"]
[Round "9"]
[White "Jedryczka, Krystian"]
[Black "Kurenkov, Nikolai"]
[Result "0-1"]
[WhiteElo "2315"]
[BlackElo "2447"]
[PlyCount "80"]
[EventDate "2006.07.21"]
[EventType "swiss"]
[EventRounds "9"]
[EventCountry "CZE"]
[SourceTitle "CBM 113 Extra"]
[Source "ChessBase"]
[SourceDate "2006.09.14"]
[SourceVersion "1"]
[SourceVersionDate "2006.09.14"]
[SourceQuality "1"]

1. e4 c5 2. Nf3 d6 3. d4 cxd4 4. Nxd4 Nf6 5. Nc3 a6 6. Bg5 Nc6 7. Qd2 e6 8. 0-0-0 Bd7 9. f3 b5 10. Nxc6 Bxc6 11. Ne2 Bb7 12. Kb1 Rc8 13. Nd4 Be7 14. Qe1 Nd7 15. Bxe7 Qxe7 16. Qb4 d5 17. Qxe7+ Kxe7 18. exd5 Bxd5 19. a4 bxa4 20. Bxa6 Rc5 21. Rhe1 Rb8 22. Re3 Nb6 23. Kc1 Kf6 24. Ra3 h5 25. Ne2 Nc4 26. Rc3 Ra8 27. Bxc4 Rxc4 28. Rxc4 Bxc4 29. Nc3 g5 30. g3 e5 31. Rd6+ Kg7 32. Rc6 Be6 33. Rc5 f6 34. Ne4 g4 35. f4 exf4 36. gxf4 h4 37. f5 Rc8 38. Ra5 Bb3 39. Rc5 Rxc5 40. Nxc5 g3 0-1

[Event "Pardubice op-A"]
[Site "Pardubice"]
[Date "2006.07.28"]
[Round "8"]
[White "Kurenkov, Nikolai"]
[Black "Michalczak, Thomas"]
[Result "0-1"]
[WhiteElo "2447"]
[BlackElo "2342"]
[PlyCount "88"]
[EventDate "2006.07.21"]
[EventType "swiss"]
[EventRounds "9"]
[EventCountry "CZE"]
[SourceTitle "CBM 113 Extra"]
[Source "ChessBase"]
[SourceDate "2006.09.14"]
[SourceVersion "1"]
[SourceVersionDate "2006.09.14"]
[SourceQuality "1"]

1. e4 e5 2. Nf3 Nc6 3. d4 exd4 4. Nxd4 Nf6 5. Nxc6 bxc6 6. e5 Qe7 7. Qe2 Nd5 8. c4 Ba6 9. b3 0-0-0 10. Bb2 g5 11. Qd2 Nf4 12. g3 Ng6 13. Bg2 Bg7 14. 0-0 Bxe5 15. Re1 Qf6 16. Bxe5 Nxe5 17. Qa5 Nd3 18. Rf1 Qxa1 19. Nc3 Nc1 20. Qxa6+ Kb8 21. Na4 Ne2+ 22. Kh1 Qxa2 23. Qa5 h5 24. Qb4+ Ka8 25. Nc5 Rb8 26. Qe1 d5 27. cxd5 Rb5 28. Ne4 Re8 29. d6 cxd6 30. f4 d5 31. Nc3 Qa5 32. Nxe2 Qxe1 33. Rxe1 gxf4 34. gxf4 Rxb3 35. Kg1 h4 36. Kf2 Rb2 37. Bf3 Kb7 38. Rc1 a5 39. Kf1 Re3 40. Bg4 a4 41. Nc3 Rxh2 42. Nxa4 Rg3 43. Bd1 h3 44. Nc3 Rgg2 0-1

[Event "Pardubice op-A"]
[Site "Pardubice"]
[Date "2006.07.27"]
[Round "7"]
[White "Wojtaszek, Radoslaw"]
[Black "Kurenkov, Nikolai"]
[Result "1-0"]
[WhiteElo "2622"]
[BlackElo "2447"]
[PlyCount "65"]
[EventDate "2006.07.21"]
[EventType "swiss"]
[EventRounds "9"]
[EventCountry "CZE"]
[SourceTitle "CBM 113 Extra"]
[Source "ChessBase"]
[SourceDate "2006.09.14"]
[SourceVersion "1"]
[SourceVersionDate "2006.09.14"]
[SourceQuality "1"]

1. d4 Nf6 2. c4 d6 3. Nf3 g6 4. g3 Bg7 5. Bg2 0-0 6. Nc3 Nc6 7. 0-0 e5 8. d5 Ne7 9. e4 Nd7 10. b4 a5 11. bxa5 Nc5 12. Ba3 Rxa5 13. Bb4 Ra8 14. a4 Na6 15. Ba3 b6 16. Ne1 f5 17. Nd3 g5 18. a5 bxa5 19. c5 g4 20. cxd6 cxd6 21. Nb5 Rf6 22. Nxe5 Rb8 23. Nxd6 Rxd6 24. Bxd6 Qxd6 25. Nc4 Qc5 26. Rc1 fxe4 27. Bxe4 Ng6 28. Re1 Bd7 29. Bxg6 hxg6 30. Ne5 Qd6 31. Nxd7 Qxd7 32. d6 Bf6 33. Qd3 1-0

[Event "Pardubice op-A"]
[Site "Pardubice"]
[Date "2006.07.25"]
[Round "5"]
[White "Stocek, Jiri"]
[Black "Kurenkov, Nikolai"]
[Result "1-0"]
[WhiteElo "2561"]
[BlackElo "2447"]
[PlyCount "59"]
[EventDate "2006.07.21"]
[EventType "swiss"]
[EventRounds "9"]
[EventCountry "CZE"]
[SourceTitle "CBM 113 Extra"]
[Source "ChessBase"]
[SourceDate "2006.09.14"]
[SourceVersion "1"]
[SourceVersionDate "2006.09.14"]
[SourceQuality "1"]

1. d4 Nf6 2. c4 d6 3. Nc3 e5 4. dxe5 dxe5 5. Qxd8+ Kxd8 6. Nf3 Nfd7 7. Bd2 f6 8. 0-0-0 c6 9. g4 Kc7 10. Rg1 a5 11. g5 Nc5 12. e4 Be6 13. Be3 Nbd7 14. Be2 Bd6 15. gxf6 gxf6 16. Nh4 a4 17. Nf5 Bf8 18. Ng7 Bf7 19. Nh5 Bg6 20. Bg4 Nb6 21. Nxf6 Nxc4 22. Bg5 a3 23. b4 Na4 24. Rd7+ Kb6 25. Kc2 Nab2 26. Kb3 Nd6 27. Nfd5+ cxd5 28. Nxd5+ Kc6 29. Rc7+ Kb5 30. Rc5+ 1-0

[Event "Chigorin Memorial 13th"]
[Site "St Petersburg"]
[Date "2005.10.22"]
[Round "8"]
[White "Kurenkov, Nikolai"]
[Black "Shimanov, Aleksandr"]
[Result "1-0"]
[WhiteElo "2438"]
[BlackElo "2279"]
[PlyCount "103"]
[EventDate "2005.10.15"]
[EventType "swiss"]
[EventRounds "9"]
[EventCountry "RUS"]
[SourceTitle "CBM 108 Extra"]
[Source "ChessBase"]
[SourceDate "2005.11.04"]
[SourceVersion "1"]
[SourceVersionDate "2005.11.04"]
[SourceQuality "1"]

1. e4 c5 2. Nf3 e6 3. d4 cxd4 4. Nxd4 a6 5. Be2 Nf6 6. Nc3 Qc7 7. 0-0 b5 8. Bf3 Bb7 9. e5 Ng8 10. Bf4 Nc6 11. Nxc6 Bxc6 12. a4 Rc8 13. axb5 axb5 14. Qd3 b4 15. Ne4 Bxe4 16. Bxe4 Ne7 17. Rfd1 Ng6 18. Bxg6 hxg6 19. Be3 Rd8 20. Ra7 Qxe5 21. h3 Qf5 22. Qc4 Be7 23. Bb6 Rh4 24. Qc7 e5 25. Qb7 Qxc2 26. Qd5 Rd4 27. Rxd4 exd4 28. Qxd4 Qc1+ 29. Kh2 Qc6 30. Bxd8 Qd6+ 31. Qxd6 Bxd6+ 32. g3 Kxd8 33. Kg2 Ke7 34. Rb7 Ke6 35. Kf3 Bc5 36. Rb5 d6 37. Rb7 Kf6 38. Ke2 Ke6 39. f3 Kf6 40. Kd3 Ke6 41. Kc4 Bf2 42. Kxb4 Bxg3 43. Kb5 d5 44. Kc6 g5 45. b4 d4 46. b5 Bf2 47. Rd7 f5 48. b6 Bg3 49. b7 Bb8 50. Rxd4 Ke5 51. Rd8 Ba7 52. Ra8 1-0

[Event "Chigorin Memorial 13th"]
[Site "St Petersburg"]
[Date "2005.10.21"]
[Round "7"]
[White "Yandemirov, Valeri"]
[Black "Kurenkov, Nikolai"]
[Result "1-0"]
[WhiteElo "2518"]
[BlackElo "2438"]
[PlyCount "71"]
[EventDate "2005.10.15"]
[EventType "swiss"]
[EventRounds "9"]
[EventCountry "RUS"]
[SourceTitle "CBM 108 Extra"]
[Source "ChessBase"]
[SourceDate "2005.11.04"]
[SourceVersion "1"]
[SourceVersionDate "2005.11.04"]
[SourceQuality "1"]

1. e4 c5 2. Nf3 d6 3. d4 cxd4 4. Nxd4 Nf6 5. f3 e5 6. Bb5+ Nbd7 7. Nf5 d5 8. exd5 a6 9. Ba4 b5 10. Bb3 Nc5 11. Ne3 Nxb3 12. axb3 Bc5 13. c4 Nh5 14. g3 b4 15. Nf1 0-0 16. Be3 Bxe3 17. Nxe3 f5 18. Nd2 f4 19. Nef1 Bf5 20. Qe2 Nf6 21. Ne4 Nxe4 22. fxe4 Bh3 23. Nd2 Qg5 24. gxf4 Qxf4 25. Rg1 Qh4+ 26. Rg3 Rf4 27. 0-0-0 Bg4 28. Rxg4 Rxg4 29. c5 Kh8 30. d6 Rg6 31. Nc4 Rc8 32. d7 Rd8 33. Na5 Qh3 34. Qd3 Qh6+ 35. Kb1 Re6 36. Nb7 1-0

[Event "Chigorin Memorial 13th"]
[Site "St Petersburg"]
[Date "2005.10.20"]
[Round "6"]
[White "Kurenkov, Nikolai"]
[Black "Zakurdjaeva, Irina"]
[Result "1-0"]
[WhiteElo "2438"]
[BlackElo "2307"]
[PlyCount "79"]
[EventDate "2005.10.15"]
[EventType "swiss"]
[EventRounds "9"]
[EventCountry "RUS"]
[SourceTitle "CBM 108 Extra"]
[Source "ChessBase"]
[SourceDate "2005.11.04"]
[SourceVersion "1"]
[SourceVersionDate "2005.11.04"]
[SourceQuality "1"]

1. e4 c5 2. Nf3 d6 3. d4 cxd4 4. Nxd4 Nf6 5. Nc3 Nc6 6. Bc4 Bd7 7. Bb3 g6 8. Be3 Ng4 9. Nxc6 bxc6 10. Qd4 Nxe3 11. fxe3 f6 12. 0-0 Qb6 13. Qc4 0-0-0 14. Nd5 Qc5 15. Qxc5 dxc5 16. Nf4 Bh6 17. Kf2 Kc7 18. Nd3 Kb6 19. a4 a5 20. Bc4 Bc8 21. Ra3 Rd6 22. h3 Rhd8 23. Ke2 e5 24. Rd1 f5 25. Nf2 Rxd1 26. Nxd1 f4 27. Rd3 Rf8 28. exf4 exf4 29. Nf2 Bg7 30. c3 Kc7 31. Rd1 g5 32. Rf1 h5 33. Nd3 Kb6 34. Kf2 g4 35. hxg4 Bxg4 36. Re1 f3 37. g3 Bf6 38. e5 Bg5 39. e6 Re8 40. Ne5 1-0

[Event "Dieren op"]
[Site "Dieren"]
[Date "2005.08.04"]
[Round "9"]
[White "Van Kerkhof, David"]
[Black "Kurenkov, Nikolai"]
[Result "0-1"]
[WhiteElo "2170"]
[BlackElo "2455"]
[PlyCount "144"]
[EventDate "2005.07.26"]
[EventType "swiss"]
[EventRounds "9"]
[EventCountry "NED"]
[SourceTitle "CBM 107 Extra"]
[Source "ChessBase"]
[SourceDate "2005.09.01"]
[SourceVersion "1"]
[SourceVersionDate "2005.09.01"]
[SourceQuality "1"]

1. e4 c5 2. Nf3 d6 3. d4 cxd4 4. Nxd4 Nf6 5. Nc3 a6 6. h3 e6 7. g4 d5 8. exd5 Nxd5 9. Nde2 Bb4 10. Bd2 Nxc3 11. Bxc3 Bxc3+ 12. Nxc3 Qb6 13. Qd2 Qxb2 14. Rb1 Qa3 15. Bg2 0-0 16. 0-0 Nd7 17. Rb3 Qa5 18. Rd1 Nc5 19. Rbb1 Bd7 20. Ne4 Qxd2 21. Rxd2 Nxe4 22. Bxe4 Bc6 23. Bxc6 bxc6 24. Rd6 g5 25. Rxc6 Rfd8 26. Rc7 Rd4 27. Rbb7 Rf4 28. c4 Rd8 29. Rb2 Rd3 30. Kg2 Kg7 31. c5 Rc3 32. Ra7 Rxc5 33. Rxa6 h5 34. gxh5 Kh6 35. Ra3 Kxh5 36. Rf3 Rxf3 37. Kxf3 Rc3+ 38. Kg2 Ra3 39. f3 e5 40. Re2 f6 41. Kg3 Ra5 42. Kg2 Ra4 43. Kg3 Ra3 44. Kg2 Kg6 45. Kf2 Kf5 46. Rb2 Ke6 47. Rb6+ Kf7 48. Rb2 e4 49. Rb3 Rxa2+ 50. Kg3 exf3 51. Rxf3 Ra4 52. Rb3 Kg6 53. Rc3 f5 54. Rb3 Kh5 55. Rb8 f4+ 56. Kg2 Ra2+ 57. Kg1 Kh4 58. Rb3 Re2 59. Rb5 Re3 60. Kg2 Rg3+ 61. Kf2 Rxh3 62. Kg2 Ra3 63. Rb8 Kg4 64. Rb2 Rg3+ 65. Kh2 Re3 66. Ra2 Kh4 67. Rb2 f3 68. Rb4+ g4 69. Kg1 Kg3 70. Kf1 Ra3 71. Rb1 Ra2 72. Kg1 Rg2+ 0-1

[Event "Dieren op"]
[Site "Dieren"]
[Date "2005.08.03"]
[Round "8"]
[White "Kurenkov, Nikolai"]
[Black "Rothuis, Vincent"]
[Result "1-0"]
[WhiteElo "2455"]
[BlackElo "2276"]
[PlyCount "61"]
[EventDate "2005.07.26"]
[EventType "swiss"]
[EventRounds "9"]
[EventCountry "NED"]
[SourceTitle "CBM 107 Extra"]
[Source "ChessBase"]
[SourceDate "2005.09.01"]
[SourceVersion "1"]
[SourceVersionDate "2005.09.01"]
[SourceQuality "1"]

1. e4 c5 2. Nf3 d6 3. d4 cxd4 4. Nxd4 Nf6 5. Nc3 g6 6. Be3 Bg7 7. f3 Nc6 8. Qd2 0-0 9. Bc4 Bd7 10. h4 h5 11. 0-0-0 Ne5 12. Bb3 Qa5 13. Kb1 Rfc8 14. Bg5 Rc5 15. Bxf6 Bxf6 16. Nd5 Rxd5 17. Bxd5 Qb6 18. f4 Nc6 19. c3 e6 20. Bxc6 bxc6 21. e5 dxe5 22. fxe5 Bxe5 23. Nf3 Bf6 24. Qf4 Bxc3 25. Qc1 Bf6 26. Rxd7 Rb8 27. Rd2 c5 28. Re1 Qc7 29. Re4 Qb7 30. Rc4 e5 31. Ng5 1-0

[Event "Dieren op"]
[Site "Dieren"]
[Date "2005.08.02"]
[Round "7"]
[White "Ondersteijn, Niels"]
[Black "Kurenkov, Nikolai"]
[Result "1/2-1/2"]
[WhiteElo "2278"]
[BlackElo "2455"]
[PlyCount "122"]
[EventDate "2005.07.26"]
[EventType "swiss"]
[EventRounds "9"]
[EventCountry "NED"]
[SourceTitle "CBM 107 Extra"]
[Source "ChessBase"]
[SourceDate "2005.09.01"]
[SourceVersion "1"]
[SourceVersionDate "2005.09.01"]
[SourceQuality "1"]

1. e4 c5 2. Nc3 e6 3. f4 d5 4. Nf3 dxe4 5. Nxe4 Nf6 6. Bb5+ Bd7 7. Qe2 Nc6 8. f5 Be7 9. fxe6 Bxe6 10. Bxc6+ bxc6 11. Nfg5 Nxe4 12. Nxe6 fxe6 13. Qxe4 0-0 14. d3 Rb8 15. Rf1 Bf6 16. c3 Rb7 17. Rf3 Qb8 18. Bf4 e5 19. Bc1 Rxb2 20. Qc4+ Kh8 21. Bxb2 Qxb2 22. Rd1 e4 23. Qxe4 Qxg2 24. Rxf6 Qg1+ 25. Kd2 Qxh2+ 26. Kc1 gxf6 27. Qe7 Qf4+ 28. Rd2 Rg8 29. Qxc5 Qf1+ 30. Kc2 Rb8 31. Rd1 Qe2+ 32. Rd2 Qf1 33. Rd1 Qg2+ 34. Rd2 Qh1 35. Rd1 Qh2+ 36. Rd2 Qc7 37. Qd4 Qf7 38. c4 Rf8 39. Qd6 f5 40. Qxc6 f4 41. Rf2 f3 42. Qe4 Qg7 43. d4 Qg1 44. Qe3 Kg7 45. c5 Qg6+ 46. Kc3 Qa6 47. Qe5+ Rf6 48. Qg5+ Kf8 49. a4 Qa5+ 50. Kd3 Qa6+ 51. Kc3 Qa5+ 52. Kd3 Qa6+ 53. Ke4 Qb7+ 54. d5 Qb1+ 55. Kd4 Qa1+ 56. Kd3 Qa3+ 57. Kd2 Qb2+ 58. Kd3 Qb3+ 59. Kd2 Qb4+ 60. Kd3 Qb3+ 61. Kd2 Qb2+ 1/2-1/2

[Event "Minsk Inautomarket op"]
[Site "Minsk"]
[Date "2005.07.12"]
[Round "3"]
[White "Kurenkov, Nikolai"]
[Black "Shkuran, Danylo"]
[Result "1-0"]
[WhiteElo "2455"]
[BlackElo "2374"]
[PlyCount "81"]
[EventDate "2005.07.06"]
[EventType "swiss"]
[EventRounds "9"]
[EventCountry "BLR"]
[SourceTitle "CBM 107 Extra"]
[Source "ChessBase"]
[SourceDate "2005.09.01"]
[SourceVersion "1"]
[SourceVersionDate "2005.09.01"]
[SourceQuality "1"]

1. e4 c5 2. Nf3 d6 3. d4 cxd4 4. Nxd4 Nf6 5. Nc3 a6 6. Be3 Ng4 7. Bc1 Nf6 8. Be2 e6 9. a4 Nc6 10. 0-0 Be7 11. Be3 0-0 12. f4 Qc7 13. Kh1 Bd7 14. Nb3 Na5 15. Nd2 Rab8 16. Bd3 b5 17. axb5 axb5 18. e5 Ne8 19. Nce4 Nc6 20. Qh5 g6 21. Qh6 f5 22. exf6 Bxf6 23. Ng5 Bc8 24. Be4 Nd4 25. Ndf3 Nf5 26. Bxf5 gxf5 27. Ra7 Rb7 28. Ra8 Qc4 29. Rfa1 Bxg5 30. Nxg5 Nf6 31. b3 Qd5 32. Rxc8 Rxc8 33. Qxf6 Rf8 34. Qh6 Re7 35. Re1 e5 36. Nf3 Re6 37. Qh4 Rg6 38. Bc1 e4 39. Ng5 Qb7 40. Bb2 Rc8 41. Qf2 1-0